000 00607cam a22002172a 4500
001 017668
003 AR-FADEU
008 311216n2004####xxu####################dd
020 _a987-03-0470-2
092 _aD341
_bG643
100 _aGonzález Napolitano, Silvina S.
245 _aLas medidas provisionales en derecho internacional ante las cortes y tribunales internacionales
260 _aBuenos Aires
260 _bUBA
260 _bLa Ley
260 _c2004
300 _a245 p
500 _aIncluye bibliografĂ­a
650 _aDERECHO INTERNACIONAL; MEDIDAS PREVISIONALES
942 _cBDGR
999 _c23415
_d23415